书目信息 |
| 题名: |
打民事官司如何准备证据
|
|
| 作者: | 赵祥 , 刘福霞 著 | |
| 分册: | ||
| 出版信息: | 北京 法律出版社 2007 |
|
| 页数: | 221页 | |
| 开本: | 21cm | |
| 丛书名: | 法律帮帮丛书 | |
| 单 册: | ||
| 中图分类: | D925.113.4 | |
| 科图分类: | ||
| 主题词: | 民事诉讼--证据--基本知识--中国 , 民事诉讼 , 证据 | |
| 电子资源: | ||
| ISBN: | 978-7-5036-7934-6 | |
| 000 | 00875oam2 2200277 450 | |
| 001 | 1261436016 | |
| 005 | 20121003170424.23 | |
| 010 | @a978-7-5036-7934-6@dCNY14.00 | |
| 100 | @a20080102d2007 em y0chiy50 ea | |
| 101 | 0 | @achi |
| 102 | @aCN@b110000 | |
| 105 | @ay z 000yy | |
| 200 | 1 | @a打民事官司如何准备证据@Ada min shi guan si ru he zhun bei zheng ju@f赵祥,刘福霞著 |
| 210 | @a北京@c法律出版社@d2007 | |
| 215 | @a221页@d21cm | |
| 225 | 2 | @a法律帮帮丛书@v21 |
| 330 | @a本书系统、简明地讲解了民事证据的基本知识和运用规则以及运用证据的技巧,并用事例进行解析。 | |
| 461 | 0 | @12001 @a法律帮帮丛书 |
| 606 | 0 | @a民事诉讼@x证据@x基本知识@y中国 |
| 606 | 0 | @a民事诉讼 |
| 606 | 0 | @a证据 |
| 690 | @aD925.113.4@v4 | |
| 701 | 0 | @a赵祥@Azhao xiang@c(律师)@4著 |
| 701 | 0 | @a刘福霞@Aliu fu xia@4著 |
| 801 | 0 | @aCN@bNLC@c20101222 |
| 905 | @a10447@dD925.113.4@eJY146 | |
| 打民事官司如何准备证据/赵祥,刘福霞著.-北京:法律出版社,2007 |
| 221页;21cm.-(法律帮帮丛书;21) |
| ISBN 978-7-5036-7934-6:CNY14.00 |
| 本书系统、简明地讲解了民事证据的基本知识和运用规则以及运用证据的技巧,并用事例进行解析。 |
| ● |
| 相关链接 |
|
|
|
|
正题名:打民事官司如何准备证据
索取号:D925.113.4/JY146
 
预约/预借
| 序号 | 登录号 | 条形码 | 馆藏地/架位号 | 状态 | 备注 |
| 1 | 7813200 | 278132003 | 学院路分馆/ [索取号:D925.113.4/JY146] | 在馆 | |
| 2 | 7813201 | 278132012 | 学院路分馆/ [索取号:D925.113.4/JY146] | 在馆 |